Les 7 demi-dieux de la Prophétie des Sept dans Les Héros de l'Olympe - Statistiques

Statistiques générales
  • Ce quiz a été pris 115 fois
  • Le résultat moyen est 6 sur 7
Statistiques - réponses
Demi-dieux de la Prophétie des Sept % Correct
Percy Jackson
100%
Jason Grace
95%
Annabeth Chase
94%
Leo Valdez
92%
Piper McLean
90%
Hazel Levesque
88%
Frank Zhang
87%
Aucun quiz correspondant
Distribution des résultats
% des personnes avec chaque résultat
Percentile par nombre de réponses
Votre historique - résultats
Vous n’avez pas pris ce quiz